| 000 | 00970nam a22002177a 4500 | ||
|---|---|---|---|
| 999 |
_c10864 _d10864 |
||
| 003 | AR-CdUCM | ||
| 008 | 190402b ||||| |||| 00| 0 spa d | ||
| 040 |
_aMUNICIPALIDAD PROVINCIAL DEL CUSCO _cBIBLIOTECA MUNICIPAL DEL CUSCO |
||
| 082 |
_a782.27 / _bR28 / 1954 |
||
| 100 |
_aRaygada, Carlos _922778 |
||
| 245 |
_aHistoria critica del himno nacional : _bCon la denuncia de una estrofa apócrifa y de otras anomalías, adulteraciones y errores en la letra en la música / |
||
| 260 |
_aLima : _bJuan Mejia Baca & P. L. Villanueva, _c1954. |
||
| 300 |
_a2 tomos ; _c24 cm. |
||
| 505 | _aContenido : t.1: Los errores históricos -- Los versos del himno -- La música del himno -- La restauración -- t.2: José de la Torre Ugarte -- José Bernardo Alcedo -- Claudio Rebagliati... | ||
| 650 |
_aHistoria _9246 |
||
| 650 |
_aMúsica _91443 |
||
| 650 |
_aHimno nacional _922527 |
||
| 700 |
_aBasadre, Jorge (Prologo) _910465 |
||
| 942 |
_2ddc _cLIBROS |
||
| 945 | _arah | ||